000 00379 a2200145 4500
001 93113
020 _a978-1-4665-7830-2
090 _c44711
_d44712
100 _aPletcher, Richard H.
245 _aComputational Fluid Mechanics and Heat Transfer, 3rd Ed
250 _a3rd
260 _aNew York
_bCRC Press
_c2013
300 _axx,740p.
500 _aMS textbook Aerospace
942 _aCAE NUST
_cMS
_k532/AND
999 _c328186
_d328186